All BMX Racing Olympic Medal Winners - Statistics

General Stats
  • This quiz has been taken 44 times
  • The average score is 10 of 20
Answer Stats
Olympics Medal(s) Answer % Correct
2020 1 Gold Niek Kimman
90%
2016 1 Gold Connor Fields
87%
2008-2012 2 Gold Maris Strombergs
77%
2020 1 Silver Kye Whyte
74%
2012-2016-2020 2 Gold, 1 Silver Mariana Pajon
74%
2020 1 Gold Bethany Shriever
65%
2016-2020 2 Bronze Carlos Ramirez
61%
2012 1 Bronze Laura Smulders
58%
2012 1 Silver Sam Willoughby
58%
2020 1 Bronze Merel Smulders
52%
2016 1 Silver Alise Post
45%
2008 1 Gold Anne-Caroline Chausson
42%
2012 1 Silver Sarah Walker
42%
2008 1 Silver Mike Day
39%
2008 1 Silver Laetitia Le Corguille
32%
2012 1 Bronze Carlos Oquendo
29%
2008 1 Bronze Donny Robinson
29%
2016 1 Silver Jelle van Gorkom
29%
2016 1 Bronze Stefany Hernandez
29%
2008 1 Bronze Jill Kintner
26%
No matching quizzes found
Score Distribution
Percent of People with Each Score
Percentile by Number Answered
Your Score History
You have not taken this quiz